Tata energy and energy substitution (Record no. 39304)

MARC details
000 -LEADER
fixed length control field 00394nam a2200145Ia 4500
008 - FIXED-LENGTH DATA ELEMENTS--GENERAL INFORMATION
fixed length control field 230917s9999||||xx |||||||||||||| ||und||
040 ## - CATALOGING SOURCE
-- 137023
Original cataloging agency VIVEKANANDA LIBRARY
041 ## - Language
-- English
082 ## - DDC NUMBER
Classification number 333.7 N213T
100 ## - MAIN ENTRY--PERSONAL NAME
Personal name National Productivity council
245 #0 - TITLE STATEMENT
Title Tata energy and energy substitution
260 ## - PUBLICATION, DISTRIBUTION, ETC. (IMPRINT)
Place of publication, distribution, etc New Delhi
Name of publisher, distributor, etc National Productivity council
Date of publication, distribution, etc 1976
300 ## - PHYSICAL DESCRIPTION
Pages 282p. p.
942 ## - ADDED ENTRY ELEMENTS (KOHA)
Koha item type Books
Holdings
Withdrawn status Lost status Damaged status Not for loan Location (home branch) Sublocation or collection (holding branch) Date acquired Koha issues (times borrowed) Koha full call number Accession No. Koha date last seen Koha item type
        VIVEKANANDA LIBRARY VIVEKANANDA LIBRARY 15/02/2010   333.7 N213T 105069 17/09/2023 Books
© Designed and Maintained by Vivekananda Library, MDU Rohtak